000 00670nam a22002175a 4500
005 20201128024122.0
008 170115s2008 ii a fr 000 0 eng d
020 _a9788184313277
040 _aEG-ScBUE
_beng
_cEG-ScBUE
_dEG-ScBUE
082 0 4 _222
_a004.22
_bGOD
100 1 _938238
_aGodse, Atul P.
245 1 0 _aComputer architecture /
_cA. P. Godse, D. A. Godse,.
250 _a3rd revised ed.
260 _aChennai, India :
_bTechnical Publications Pune,
_c2008.
300 _a(Various pagings) :
_bill. ;
_c24 cm.
650 7 _2BUEsh
_92654
_a Computer architecture.
651 _2BUEsh
653 _bCOMSCI
_cJanuary2017
700 1 _aGodse, D. A.
942 _2ddc
999 _c23939
_d23911